[Event "GRE-chT 50th"]
[Site "Nikaia"]
[Date "2023.08.26"]
[Round "3.5"]
[White "Dimaki, Evangelia"]
[Black "Drakaki, Anna Maria"]
[Result "0-1"]
[WhiteElo "1325"]
[BlackElo "1951"]
[PlyCount "60"]
[EventDate "2023.08.25"]
[EventType "team"]
[EventRounds "9"]
[EventCountry "GRE"]
[SourceTitle "EXT 2024"]
[Source "ChessBase"]
[SourceDate "2023.10.10"]
[SourceVersion "1"]
[SourceVersionDate "2023.10.10"]
[SourceQuality "1"]
[WhiteTeam "Pneemathlon"]
[BlackTeam "Kalamarias"]
[WhiteTeamCountry "GRE"]
[BlackTeamCountry "GRE"]

1. d4 Nf6 2. c4 e6 3. g3 Bb4+ 4. Bd2 Qe7 5. Bg2 Nc6 6. e3 0-0 7. Ne2 d5 8. a3 Bxd2+ 9. Nxd2 a5 10. 0-0 Rd8 11. Qc2 h5 12. Rac1 g6 13. Rfd1 Kg7 14. Nf4 dxc4 15. Qxc4 Ra6 16. h3 e5 17. d5 exf4 18. dxc6 fxe3 19. cxb7 Bxb7 20. Nf3 Rc6 21. Qe2 Re6 22. Rxd8 Qxd8 23. fxe3 Ba6 24. Qc2 Rxe3 25. Qxc7 Qe8 26. Qxa5 Bb7 27. Nh2 Rxg3 28. Rc2 Qe3+ 29. Kh1 Bxg2+ 30. Rxg2 Qc1+ 0-1

[Event "GRE-ch U20 Girls"]
[Site "Trikala"]
[Date "2023.04.19"]
[Round "3"]
[White "Dimaki, Evangelia"]
[Black "Dalla, Maria Myrsini"]
[Result "0-1"]
[WhiteElo "1239"]
[BlackElo "1272"]
[PlyCount "60"]
[EventDate "2023.04.18"]
[EventType "swiss"]
[EventRounds "9"]
[EventCountry "GRE"]
[SourceTitle "EXT 2024"]
[Source "ChessBase"]
[SourceDate "2023.10.10"]
[SourceVersion "1"]
[SourceVersionDate "2023.10.10"]
[SourceQuality "1"]

1. d4 Nf6 2. c4 g6 3. Nf3 Bg7 4. Nc3 d5 5. e3 0-0 6. Bd3 c5 7. 0-0 cxd4 8. exd4 Nc6 9. a3 Bg4 10. Be2 dxc4 11. d5 Na5 12. Nd4 Bxe2 13. Ndxe2 Rc8 14. Be3 a6 15. a4 Ng4 16. Kh1 Nxe3 17. fxe3 Qb6 18. e4 Qxb2 19. Rb1 Qa3 20. Rf3 Qd6 21. Qe1 Nb3 22. Nc1 Nc5 23. Nd1 b6 24. Qb4 Nxe4 25. Qxb6 Qxb6 26. Rxb6 Rb8 27. a5 Rxb6 28. axb6 Rb8 29. Nf2 Nxf2+ 30. Rxf2 Rxb6 0-1

[Event "GRE-ch U16 Girls"]
[Site "Thessaloniki"]
[Date "2022.08.23"]
[Round "8"]
[White "Dimaki, Evangelia"]
[Black "Kapia, Aggeliki"]
[Result "1/2-1/2"]
[WhiteElo "1282"]
[BlackElo "1258"]
[PlyCount "27"]
[EventDate "2022.08.18"]
[EventType "swiss"]
[EventRounds "9"]
[EventCountry "GRE"]
[SourceTitle "EXT 2024"]
[Source "ChessBase"]
[SourceDate "2023.10.10"]
[SourceVersion "1"]
[SourceVersionDate "2023.10.10"]
[SourceQuality "1"]

1. e4 e6 2. d4 d5 3. Nf3 Nf6 4. e5 Nfd7 5. Bd3 c5 6. b3 Nc6 7. Bb2 Be7 8. 0-0 0-0 9. Re1 Re8 10. Rf1 Rf8 11. Re1 Re8 12. Rf1 Rf8 13. Re1 Re8 14. Rf1 1/2-1/2

[Event "GRE-ch U16 Girls"]
[Site "Thessaloniki"]
[Date "2022.08.19"]
[Round "3"]
[White "Athanasiou, Soumela"]
[Black "Dimaki, Evangelia"]
[Result "1-0"]
[WhiteElo "1392"]
[BlackElo "1282"]
[PlyCount "70"]
[EventDate "2022.08.18"]
[EventType "swiss"]
[EventRounds "9"]
[EventCountry "GRE"]
[SourceTitle "EXT 2024"]
[Source "ChessBase"]
[SourceDate "2023.10.10"]
[SourceVersion "1"]
[SourceVersionDate "2023.10.10"]
[SourceQuality "1"]

1. c4 c5 2. g3 Nc6 3. Bg2 g6 4. Nc3 Bg7 5. Nf3 e6 6. e3 d5 7. cxd5 exd5 8. d4 cxd4 9. exd4 Nge7 10. 0-0 0-0 11. Re1 Nf5 12. Bg5 f6 13. Bc1 b6 14. b3 Bb7 15. Ba3 Rf7 16. Qd3 Rc8 17. Rac1 a6 18. Bh3 b5 19. Bc5 Nce7 20. Qe2 Bf8 21. a4 Bc6 22. axb5 axb5 23. Nxb5 Qa5 24. Nc3 Rb8 25. b4 Qd8 26. b5 Bb7 27. Qe6 Bc8 28. Qe2 Nxg3 29. hxg3 Bxh3 30. b6 Bc8 31. Ra1 Nc6 32. Nb5 Bb7 33. Nc7 Bc8 34. Ne6 Bxe6 35. Qxe6 Nb4 1-0

[Event "GRE-ch U20 Girls"]
[Site "Trikala"]
[Date "2021.08.23"]
[Round "1"]
[White "Apostolidou, Eleni"]
[Black "Dimaki, Evangelia"]
[Result "1-0"]
[WhiteElo "1406"]
[BlackElo "1151"]
[PlyCount "81"]
[EventDate "2021.08.23"]
[EventType "swiss"]
[EventRounds "9"]
[EventCountry "GRE"]
[SourceTitle "EXT 2022"]
[Source "ChessBase"]
[SourceDate "2021.10.06"]
[SourceVersion "1"]
[SourceVersionDate "2021.10.06"]
[SourceQuality "1"]

1. d4 d5 2. Nf3 e6 3. e3 Nf6 4. Bd3 Nbd7 5. 0-0 Be7 6. b3 0-0 7. Bb2 c5 8. Nbd2 b6 9. Ne5 Bb7 10. Rc1 Ne4 11. Nxd7 Qxd7 12. c4 Rac8 13. dxc5 Nxd2 14. Qxd2 bxc5 15. Rfd1 Rfd8 16. Qc2 h6 17. cxd5 exd5 18. Bf5 Qc6 19. Bxc8 Rxc8 20. Qf5 Rd8 21. Qg4 Bf8 22. e4 Bc8 23. Qg3 d4 24. Bxd4 Qxe4 25. Bc3 Rxd1+ 26. Rxd1 Qc2 27. Ra1 Be6 28. h3 a6 29. Qe3 Qg6 30. Rd1 Qc2 31. Qd2 Qg6 32. Qd3 Bf5 33. Qe3 Be6 34. Rd8 Qf5 35. Qg3 f6 36. Qd6 Kh7 37. Rxf8 a5 38. Re8 Bf7 39. Re7 Bg8 40. Bxf6 Kh8 41. Bxg7+ 1-0

[Event "GRE-ch North U08/14"]
[Site "Thessaloniki"]
[Date "2020.08.29"]
[Round "6"]
[White "Dimaki, Evangelia"]
[Black "Kalamoukou, Giolanta"]
[Result "0-1"]
[WhiteElo "1117"]
[BlackElo "1394"]
[PlyCount "146"]
[EventDate "2020.08.26"]
[EventType "swiss"]
[EventRounds "9"]
[EventCountry "GRE"]
[SourceTitle "EXT 2023"]
[Source "ChessBase"]
[SourceDate "2022.10.05"]
[SourceVersion "1"]
[SourceVersionDate "2022.10.05"]
[SourceQuality "1"]

1. d4 Nf6 2. c4 e6 3. g3 Bb4+ 4. Bd2 Qe7 5. Bg2 0-0 6. Nf3 Bxd2+ 7. Nbxd2 d6 8. 0-0 c6 9. Qc2 e5 10. dxe5 dxe5 11. e3 Bg4 12. a3 Nbd7 13. Ng5 h6 14. Nge4 Nc5 15. Nxf6+ Qxf6 16. b4 Ne6 17. Qc3 Qd8 18. f3 Bf5 19. Rad1 Qc7 20. c5 a5 21. Nc4 axb4 22. axb4 f6 23. Nd6 Bg6 24. Ra1 Ng5 25. f4 exf4 26. exf4 Nf7 27. Qc4 Kh8 28. Rad1 Rad8 29. f5 Nxd6 30. cxd6 Qf7 31. Qxf7 Bxf7 32. Rfe1 Rfe8 33. Rxe8+ Rxe8 34. Kf2 Kg8 35. Bf3 Kf8 36. Kg2 Rd8 37. b5 cxb5 38. Bxb7 b4 39. Be4 b3 40. Kf3 Rb8 41. Ke3 Ke8 42. Kd2 b2 43. Bb1 Kd7 44. Kc3 Rb3+ 45. Kc2 Rb6 46. Kc3 Rxd6 47. Rxd6+ Kxd6 48. Kxb2 Ke5 49. Kc3 Bd5 50. Kd2 Be4 51. Bxe4 Kxe4 52. Ke2 Kxf5 53. Kf3 h5 54. h3 g6 55. Ke3 Ke5 56. Kf3 Kf5 57. Ke3 g5 58. Kf3 Ke5 59. Ke3 Kf5 60. Kf3 Ke5 61. Ke3 f5 62. Kf3 f4 63. gxf4+ gxf4 64. Ke2 Ke4 65. Kf2 f3 66. Kf1 Ke3 67. Ke1 h4 68. Kf1 f2 69. Kg2 Ke2 70. Kh2 f1R 71. Kg2 Rf7 72. Kg1 Kf3 73. Kh2 Rb7 0-1

[Event "GRE-ch North U08/14"]
[Site "Thessaloniki"]
[Date "2020.08.28"]
[Round "4"]
[White "Papatriantafyllou, Maria"]
[Black "Dimaki, Evangelia"]
[Result "1-0"]
[WhiteElo "1089"]
[BlackElo "1117"]
[PlyCount "89"]
[EventDate "2020.08.26"]
[EventType "swiss"]
[EventRounds "9"]
[EventCountry "GRE"]
[SourceTitle "EXT 2023"]
[Source "ChessBase"]
[SourceDate "2022.10.05"]
[SourceVersion "1"]
[SourceVersionDate "2022.10.05"]
[SourceQuality "1"]

1. d4 d5 2. c4 e6 3. Nc3 Nf6 4. Bg5 Be7 5. e3 b6 6. Nf3 Bb7 7. Nb5 a6 8. Nc3 Nbd7 9. Bd3 Ne4 10. Bf4 dxc4 11. Bxe4 Bxe4 12. Nxe4 Bb4+ 13. Ned2 Nf6 14. a3 Ba5 15. b4 cxb3 16. Qxb3 0-0 17. 0-0 c5 18. Nc4 cxd4 19. Nxd4 Ne4 20. Qd3 Qd5 21. Nxa5 bxa5 22. f3 Nc5 23. Qc3 e5 24. e4 Qxd4+ 25. Qxd4 exd4 26. Bd6 Rfc8 27. Rac1 Ne6 28. Rxc8+ Rxc8 29. f4 g6 30. Re1 Rd8 31. Be7 Rd7 32. Bg5 Nxg5 33. fxg5 Kf8 34. Kf2 Ke7 35. Ke2 Kd6 36. Kd3 Kc5 37. Rb1 Re7 38. h4 Re6 39. Rb7 Rb6 40. Rxf7 Rb3+ 41. Kd2 Rxa3 42. Rxh7 Rg3 43. Rc7+ Kd6 44. Ra7 Ke5 45. Rxa6 1-0